| 000 | 00658nam a22002057a 4500 | ||
|---|---|---|---|
| 003 | DO-SdBNP | ||
| 005 | 20180117131639.0 | ||
| 008 | 151116b 1998 sp ||||| |||| 00| 0 spa d | ||
| 020 | _a1881715388 | ||
| 040 |
_aBPMSU _bspa _cBPMSU |
||
| 092 |
_axxxxx _bxxxxx |
||
| 100 | 1 | _aGarcía, C. J. | |
| 245 | 1 | 0 |
_aBreves para videófilos / _cC. J . García. |
| 260 |
_aSan Juan, Puerto Rico : _bInstituto de Cultura Puertorriqueña : Isla Negra, _c1998. |
||
| 300 |
_a94 p. : _bil. ; _c1998. |
||
| 500 | _aIncluye datos biográficos del autor en la solapa de la cubierta. | ||
| 942 |
_2ddc _cBK |
||
| 945 | _aInventariado, 2018 LP | ||
| 956 |
_aLOPEREZ _b10 _cBPMSU |
||
| 999 |
_c8719 _d8719 |
||